Terry Adkins : resounding /

This publication highlights the work of prolific American sculptor and performance artist Terry Adkins (1953-2014), who synthesized a deep interest in history with an improvisational approach to art-making, producing an expansive body of work that often reflects on the legacies of unsung figures in...

Full description

Bibliographic Details
Main Authors: Weissberg, Stephanie (Author), Owens, Clifford, 1971- (Author), Sims, Lowery Stokes (Author)
Format: Book
Language:English
Published: St. Louis, MO : Pulitzer Arts Foundation, [2020]
Subjects:

MARC

Tag First Indicator Second Indicator Subfields
LEADER 00000cam a2200000Mi 4500
001 in00004437101
008 200703t20202020moua bc 000 0 eng d
005 20250318213306.8
019 |a 1159515247 
020 |a 9781646570058 
020 |a 1646570057 
035 |a (OCoLC)on1164344380 
035 |a (OCoLC)1164344380  |z (OCoLC)1159515247 
040 |a ERASA  |b eng  |e rda  |c ERASA  |d YDX  |d W4M  |d MSR  |d OCLCO  |d UtOrBLW 
043 |a n-us--- 
050 4 |a N6537.A318  |b A4 2020 
082 0 4 |a 700.411 
100 1 |a Adkins, Terry,  |d 1953-2014,  |e artist.  |0 http://id.loc.gov/authorities/names/nr98030154 
245 1 0 |a Terry Adkins :  |b resounding /  |c organized by Stephanie Weissberg, with Heather Alexis Smith ; essays by Clifford Owens, Lowery Stokes Sims, and Stephanie Weissberg. 
246 3 0 |a Resounding 
264 1 |a St. Louis, MO :  |b Pulitzer Arts Foundation,  |c [2020] 
264 2 |a New York, NY :  |b ARTBOOK/D.A.P. 
264 4 |c ©2020 
300 |a 135 pages :  |b illustrations (chiefly color) ;  |c 29 cm 
336 |a text  |b txt  |2 rdacontent 
337 |a unmediated  |b n  |2 rdamedia 
338 |a volume  |b nc  |2 rdacarrier 
500 |a Catalog of an exhibition held at the Pulitzer Arts Foundation, St. Louis, Missouri, March 13, 2020-February 7, 2021. 
504 |a "Selected bibliography of Terry Adkins's personal library": pages 132-134. 
520 8 |a This publication highlights the work of prolific American sculptor and performance artist Terry Adkins (1953-2014), who synthesized a deep interest in history with an improvisational approach to art-making, producing an expansive body of work that often reflects on the legacies of unsung figures in American culture. Terry Adkins: Resounding traces the artist's development over his more than three-decade career with nearly 50 works across a variety of mediums including sound, sculpture, video and printmaking. The book includes rarely shown examples from Adkins's early work alongside some of his most celebrated pieces, bringing together selections from several acclaimed installations for the first time since their debuts. In addition, the catalog presents a range of items that the artist collected, including books, musical instruments and objects from various artistic traditions. This collection gives new insight into the breadth of Adkins' literary, musical and visual influences. Exhibition: Pulitzer Arts Foundation, St. Louis, USA (13.03.2020-07.02.2021). 
600 1 0 |a Adkins, Terry,  |d 1953-2014  |v Exhibitions. 
650 0 |a African American artists  |y 20th century  |v Exhibitions. 
650 0 |a African Americans  |v Music  |x Influence  |v Exhibitions. 
650 0 |a Multimedia (Art)  |v Exhibitions.  |0 http://id.loc.gov/authorities/subjects/sh2010102633 
650 0 |a Sound in art  |v Exhibitions.  |0 http://id.loc.gov/authorities/subjects/sh2010112342 
650 0 |a Sound sculpture  |v Exhibitions. 
650 0 |a Found objects (Art)  |v Exhibitions. 
700 1 |a Weissberg, Stephanie,  |e organizer,  |e author.  |0 http://id.loc.gov/authorities/names/no2016159242 
700 1 |a Smith, Heather Alexis,  |e organizer.  |0 http://id.loc.gov/authorities/names/no2017059789 
700 1 |a Owens, Clifford,  |d 1971-  |e author.  |0 http://id.loc.gov/authorities/names/no2010024433 
700 1 |a Sims, Lowery Stokes,  |e author.  |0 http://id.loc.gov/authorities/names/n84228840 
710 2 |a Pulitzer Arts Foundation,  |e host institution.  |0 http://id.loc.gov/authorities/names/no2014091435 
852 8 |b pda,print  |z This title is available for the library to purchase for your use. Click the "Purchase It For Me" button to place a request. This item may take 5-10 business days to arrive. 
955 |a Print PDA title 
999 f f |s 8a38401c-2ffb-42ec-97cc-b41d96f2880f  |i 58565842-8d25-3d73-bc93-4b871d9d66e1  |t 0 
952 f f |a Texas A&M University  |b College Station  |c Sterling C. Evans Library  |d Purchase on Demand  |t 0  |e N6537.A318 A4 2020  |h Library of Congress classification 
998 f f |a N6537.A318 A4 2020  |t 0  |l Purchase on Demand